000 00843cas a22002295a 4500
001 ##L98960
008 070703c1933 xxuqr p 0 a0eng
022 1 _a0003-7087
035 _a(Sirsi) u98960
041 0 _aeng
110 2 _aAppraisal Institute
_92987
245 0 4 _aThe Appraisal Journal
260 _aChicago
_bAppraisal Institute
_c1933-
362 1 _a22(1) January 1954-
520 _aMissing 1997 and 1998 issues.
520 _aWebsite includes tables of contents for past issues. The full text of the current issue and abstracts of articles are available via the Lum Library.
651 4 _aUnited States
690 _aPROPERTY-PROPERTY APPRAISAL AND VALUATION
856 4 1 _uhttps://www.rics.org/profession-standards/knowledge-and-information-services
_zHow to access eJournals
942 _n0
_2ddc
948 _c04/02/1994
999 _c118598
_d118598